000
00192 a2200097 4500
001
11138
100
_a
Nayar, K.
245
_a
The Judgement
260
_a
_b
Vikas Pub
_c
090
_c
8692
_d
8692
942
_a
NUST-CAE
_c
M
_c
35480
999
_c
246211
_d
246211